00305nam a2200121 a 4500008004100000050001500041100002400056245003900080260000900119350000900128650003200137650001400169120416s1969 xx |||||||||||||| || u aHC 800 Whe aWhetham, Edith Holt14aThe economics of African countries c1969 a0.00 0aAFRICA--ECONOMIC CONDITIONS 0aECONOMICS